000 00249nam a2200097Ia 4500
008 220204s9999 xx 000 0 und d
082 _a631.4(047)
_bROT
245 0 _aRothamsted experiment station report 1950
260 _aHarpenden
_c1951
942 _cBK
999 _c19568
_d19568